000 01040nam a2200301Ia 4500
005 20220316235422.0
008 121119s2002 ck gr 000 f spa
020 _a9586333647
041 1 _aspa
100 1 _aVerne, Julio
_d1828-1905
245 1 0 _aCinco semanas en globo
_cJules Verne ; traducción, Juana Salabert ; ilustración, Riou y De Montaut
250 _aPrimera edición
300 _a337 páginas
_c21 cm
490 0 _aTus libros : aventuras
650 1 4 _aNovela francesa
_ySiglo XIX
_2LEMB
650 1 4 _aLiteratura Juvenil
_ySiglo XIX
_2LEMB
650 1 4 _aHistorias de aventuras
_ySiglo XIX
_2LEMB
651 4 _aAfrica
_xDescubrimientos y exploraciones
_ySiglo XIX
_937202
700 1 _aJuana Salabert
_etraductor
_937203
700 1 _aDe Montaut, Riou
_dilustrador
_937204
942 _2loc
_cBKLIT
264 _aBogotá
_bRei Andes
_c2002
336 _atexto
_btxt
_2rdacontent
337 _asin mediación
_bn
_2rdamedia
338 _avolumen
_bnc
_2rdacarrier
040 _aCO-BoRNBP
_bspa
_erda
_cCO-BoRNBP
084 _aN VER2
999 _c905
_d905